| LEADER 01174nam 2200277 a 4500 |
| 001 12334107349 |
| 003 ULIB |
| 008 030417s2551 th a sb 001 0 tha |
| 020 ^a9789743834233
|
| 060 4 ^aWK819^bศ339บ 2551
|
| 100 0 ^aศัลยา คงสมบูรณ์เวช
|
| 245 10 ^aบำบัดเบาหวานด้วยอาหาร /^cศัลยา คงสมบูรณ์เวช
|
| 250 ^aพิมพ์ครั้งที 2
|
| 260 ^aกรุงเทพฯ :^bอมรินทร์สุขภาพ,^c2551
|
| 300 ^a251 หน้า :^bภาพประกอบ
|
| 520 ^aหนังสือเล่มนี้เสนอเนื้อหาเกี่ยวกับการดูแลสุขภาพตนเองสำหรับผู้ป่วยเบาหวาน โดยใช้หลักโภชนบำบัด ภายในเล่มประกอบด้วย เรื่องเบาหวาน การดูแลตนเอง การวางแผนอาหารสำหรับผู้เป็นเบาหวาน รวมทั้งสูตรอาหารที่ควบคุมเบาหวานอย่างได้ผล ตัวอย่างการบันทึกอาหาร ระดับน้ำตาล และกิจกรรม
|
| 650 7 ^aเบาหวาน^xโภชนบำบัด
|
| 650 7 ^aอาหารเพื่อสุขภาพ
|
| 650 7 ^aการดูแลสุขภาพด้วยตนเอง
|
| 650 7 ^aอาหารสำหรับผู้ป่วย
|
| 913 ^aImported by ULIBM Administrator
|
| 949 ^aImport form external file by ULIBM system
|
| 999 ^aสุณิสา
|